000 01213nam a22003617a 4500
003 CHAP
005 20220817043238.0
008 971013s1989 r 00010 d
010 _a69478
011 _a70450
035 _a79931
040 _cCHAP
090 _aTesis
100 0 0 _aPaz Méndez, J. Jesús de la.
_986357
245 _aDiagnóstico agrícola integral del municipio de Tlalchapa, Gro.
260 _aChapingo, Méx. :
_bEl autor,
_c1989
300 _a[124 h.]
502 _aTesis (Ing. Agrónomo esp. en Suelos) -- UACH. Departamento de Suelos 34-133
590 _aALEPH
_b10
_c20130110
_lUCH01
_h1408
590 _aBATCH-UPD
_b10
_c20130110
_lUCH01
_h0812
590 _aBATCH-UPD
_b10
_c20130410
_lUCH01
_h0449
590 _aBATCH-UPD
_b10
_c20130914
_lUCH01
_h1555
590 _aCONVERSION
_b10
_c20130109
_lUCH01
_h1338
650 1 4 _aGuerrero
_xCondiciones rurales.
_951180
650 1 4 _aSuelos
_xConservación
_xGuerrero.
_9110299
650 1 4 _aSuelos
_xDegradación.
_9110336
650 1 4 _aSuelos
_xGuerrero.
_9110386
710 0 _aUACH. Departamento de Suelos.
901 _aBK
942 _cTESIS
949 _bBC
_cTES
_d-32822
_eTS1
_h21914
_i79931
_si
949 _bS
_cTES
_d-4215
_eTS1
_i79931
_si
999 _c69478
_d69478